Lessons From The Future Making Sense Of A Blurred World (Record no. 301831)

MARC details
000 -LEADER
fixed length control field 00396nam a2200145Ia 4500
008 - FIXED-LENGTH DATA ELEMENTS--GENERAL INFORMATION
fixed length control field 230718s9999 xx 000 0 und d
041 ## - LANGUAGE CODE
Language code of text/sound track or separate title eng
082 ## - DEWEY DECIMAL CLASSIFICATION NUMBER
Item number DAV
100 ## - MAIN ENTRY--PERSONAL NAME
Personal name Davis S.
9 (RLIN) 116936
245 ## - TITLE STATEMENT
Title Lessons From The Future Making Sense Of A Blurred World
260 ## - PUBLICATION, DISTRIBUTION, ETC. (IMPRINT)
Date of publication, distribution, etc. 2001
Name of publisher, distributor, etc. Capstone
365 ## - TRADE PRICE
Currency code Rs.
Price amount 981.00
700 ## - ADDED ENTRY--PERSONAL NAME
Personal name Davis S.
9 (RLIN) 116936
906 ## - LOCAL DATA ELEMENT F, LDF (RLIN)
d B:43810-May-2001
c ARCHIT
b 147.15
Holdings
Withdrawn status Lost status Damaged status Not for loan Home library Current library Date acquired Vendor Budget Code Cost, normal purchase price Bill number Total Checkouts Barcode Date last seen Date last checked out Discount Cost, replacement price Bill Date Koha item type Original Barcode
        Cummins College of Engineering for Women Pune Cummins College of Engineering for Women Pune 25/07/2001 Technical Book Services ARCHIT 833.85 438 1 CCEP-BK-13037 20/02/2025 06/02/2025 147.15 981.00 10/05/2001 Books 013037